Neurophysiological basis of movement
Uloženo v:
| Hlavní autor: | |
|---|---|
| Médium: | Kniha |
| Jazyk: | angličtina |
| Vydáno: |
Champaign
Human Kinetics
1998
|
| Vydání: | 1a. ed |
| Témata: | |
| Tagy: |
Přidat tag
Žádné tagy, Buďte první, kdo vytvoří štítek k tomuto záznamu!
|
MARC
| LEADER | 00000nam a2200000 a 4500 | ||
|---|---|---|---|
| 001 | UCH3601 | ||
| 003 | CL-VaPUC | ||
| 008 | 090811e19980000US |||||||||||||||||eng|d | ||
| 020 | |a 0880117567 | ||
| 082 | 0 | 4 | |a 612.76 |b LAT |2 21 |
| 100 | |a Latash, Mark L |e author |9 539036 | ||
| 245 | 1 | 0 | |a Neurophysiological basis of movement |
| 250 | |a 1a. ed | ||
| 300 | |a 269 p | ||
| 942 | |c BK | ||
| 945 | |d 20090811 00:00:00 |a cmena | ||
| 260 | |a Champaign |b Human Kinetics |c 1998 | ||
| 650 | 0 | |a Biomecánica |9 307420 | |
| 650 | 0 | |a Aparato locomotor (musculoesqueleto) |9 474697 | |
| 650 | 7 | |a NEUROFISIOLOGIA |2 CL-VaPUC |9 539026 | |
| 650 | 0 | |a Investigación científica |9 259857 | |
| 650 | 7 | |a MOTRICIDAD |2 CL-VaPUC |9 307419 | |
| 650 | 7 | |a ENFERMEDADES DEL APARATO LOCOMOTOR |2 CL-VaPUC |9 539027 | |
| 583 | |a last modification |c 20090811 00:00:00 |k Rodrigo Vera | ||
| 999 | |c 335083 |d 335081 | ||
| 952 | |0 0 |1 0 |4 0 |6 612_760000000000000_LAT_1998 |7 0 |8 A |9 424660 |a BIBCUR |b BIBCUR |d 2019-11-22 |i 1088939 |o 612.76 LAT 1998 |p 1088939 |r 2025-04-22 |w 2019-11-22 |y BK |k KIN | ||